000 00653nam a2200217Ia 4500
003 OSt
005 20220926044159.0
006 a|||||r|||| 00| 0
007 ta
008 220923b |||||||| |||| 00| 0 eng d
037 _cGeneral Book
040 _aRTL
_cRTL
_beng
041 _2eng
_aeng
082 _aX65, K7
100 _aFerber Robert Ed.
_9151629
245 0 _aDeterminants of investment behaviour
_b A conferenc
490 _aNational-Bureau of Economic Research, Universities-National Bureau Conference Series, 18
650 _aInvestment
942 _hX65, K7
_cGB
_2CC
999 _c674164
_d674164